Words that Have No Rhymes - Statistics

General Stats
  • This quiz has been taken 502 times
    199 since last reset
  • The average score is 14 of 23
Answer Stats
Hint Word % Correct
A certain citrus fruit orange
92%
One twelfth of a year month
86%
Movie film
85%
A common beer glass size pint
77%
An oven for firing ceramics kiln
73%
One of the secondary colors purple
72%
A certain shiny precious metal silver
72%
An adult human with XX chromosomes woman
72%
A large wild canine wolf
71%
The opposite of safe dangerous
70%
Nymph who lures mariners to their death on the rocks siren
61%
A fixture for containing or removing human waste toilet
60%
Traveling company of entertaining performers circus
59%
Measurement of the extent of something from side to side width
57%
It is 26.219 miles. marathon
50%
A work of music or art, might be magnum if a masterpiece opus
50%
Usually the last inning of a baseball game ninth
38%
The last night of Christmas (think Shakespeare) twelfth
38%
A slightly yellowish gray colour beige
37%
The art of combining vocals, instrumental sounds, or both music
36%
A moderate degree of heat warmth
32%
Usually bigger than a bay gulf
31%
Injuries, such as a cuts, stabs, or tears wounds
31%
No matching quizzes found
Score Distribution
Percent of People with Each Score
Percentile by Number Answered
Your Score History
You have not taken this quiz since the last reset